[Event "URS-ch sf"]
[Site "Yaroslav"]
[Date "1982.??.??"]
[Round "?"]
[White "Chekhov, Valery A"]
[Black "Lukin, Andrei M"]
[Result "1/2-1/2"]
[WhiteElo "2460"]
[BlackElo "2465"]

1.Nf3 d5 2.d4 c5 3.c4 dxc4 4.e3 cxd4 5.exd4 Be6 6.Nc3 Nf6 7.Ne5 Nc6 8.Nxc6 bxc6
9.Qa4 Qd7 10.Bxc4 Bxc4 11.Qxc4 e6 12.O-O Be7 13.Bf4 O-O 14.Rac1 Rfd8 15.Be5 Rac8
16.Rfd1 Ng4 17.Bg3 Nf6 18.Be5 Ng4 19.Bg3 Nf6 20.Be5  1/2-1/2

[Event "Yerevan"]
[Site "Yerevan"]
[Date "1982.??.??"]
[Round "2"]
[White "Vladimirov, Evgeny"]
[Black "Bagirov, Vladimir"]
[Result "1/2-1/2"]
[WhiteElo "2495"]
[BlackElo "2495"]

1.d4 d5 2.c4 dxc4 3.Nf3 a6 4.e3 Bg4 5.Bxc4 e6 6.Nc3 Nf6 7.h3 Bh5 8.g4 Bg6
9.Ne5 Nbd7 10.Nxg6 hxg6 11.Bf1 e5 12.Bg2 exd4 13.exd4 Rb8 14.Qe2+ Be7 15.g5 Nh5
16.Nd5 Nb6 17.Nxb6 cxb6 18.O-O O-O 19.Qg4 Bd6  1/2-1/2

[Event "Yerevan zt"]
[Site "Yerevan"]
[Date "1982.??.??"]
[Round "5"]
[White "Agzamov, Georgy"]
[Black "Kuzmin, Gennadi P"]
[Result "1-0"]
[WhiteElo "2485"]
[BlackElo "2545"]

1.d4 d5 2.c4 dxc4 3.Nf3 a6 4.a4 Nf6 5.e3 Bf5 6.Bxc4 e6 7.Nc3 Nc6 8.Qe2 Bb4
9.O-O Qe7 10.Rd1 Rd8 11.h3 Ne4 12.Na2 Bd6 13.Bd3 Bg6 14.Qc2 Nf6 15.e4 e5
16.d5 Nb8 17.Nh4 Nbd7 18.b4 Nh5 19.g3 O-O 20.Nxg6 hxg6 21.Qe2 Qe8 22.Qc2 f6
23.Rb1 Qf7 24.Be2 Rde8 25.Nc3 f5 26.Kg2 Kh8 27.a5 Ndf6 28.Bf3 Qd7 29.Qe2 Re7
30.Bd2 Ref7 31.Be1 Re7 32.Rb3 Qe8 33.Rb2 Qf7 34.Bd2 Ree8 35.Bc1 Re7 36.Bg5 Ree8
37.Bd2 Re7 38.Bg5 Ree8 39.Bc1 Re7 40.Qd3 Qe8 41.Bg5 Ref7 42.Bc1 Re7 43.Re1 Nh7
44.Bxh5 gxh5 45.exf5 Qd7 46.h4 Rxf5 47.Ne4 Re8 48.b5 Nf6 49.Nxf6 Rxf6 50.Bg5 Rff8
51.bxa6 bxa6 52.Qxa6 e4 53.Qb5 Qg4 54.Re3 Be5 55.Rd2 Ra8 56.Qa4 Bc3 57.Rxc3 Rf3
58.Re3  1-0

[Event "Yerevan zt"]
[Site "Yerevan"]
[Date "1982.??.??"]
[Round "8"]
[White "Tukmakov, Vladimir B"]
[Black "Kuzmin, Gennadi P"]
[Result "1-0"]
[WhiteElo "2500"]
[BlackElo "2545"]

1.d4 d5 2.c4 dxc4 3.Nf3 a6 4.a4 Nf6 5.e3 Bf5 6.Bxc4 e6 7.O-O Nc6 8.Nc3 Bg6
9.h3 Bd6 10.Re1 O-O 11.e4 Be7 12.Bf4 Rc8 13.Rc1 Bb4 14.Bg5 h6 15.Bh4 Be7
16.Qd2 Nd7 17.Bxe7 Qxe7 18.d5 Nce5 19.Nxe5 Nxe5 20.Ba2 Qg5 21.Qe3 Qe7 22.f4 Nd7
23.e5 Rfd8 24.Red1 Nf8 25.Rd4 h5 26.Rcd1 Bf5 27.a5 Ng6 28.Qd2 Qc5 29.Kh2 Kf8
30.Na4 Qb5 31.dxe6 Rxd4 32.Qxd4 fxe6 33.Nc5 Re8 34.b4 b6 35.axb6 cxb6 36.Bc4 Qxb4
37.Nd7+ Ke7 38.Nxb6 Nf8 39.Rd2 a5 40.Rb2 Qe1 41.Nc8+  1-0

[Event "Bayamo"]
[Site "Bayamo"]
[Date "1983.??.??"]
[Round "?"]
[White "Garcia Gonzales, Guillermo"]
[Black "Garcia Palermo, Carlos"]
[Result "1/2-1/2"]
[WhiteElo "2515"]
[BlackElo "2455"]

1.d4 d5 2.c4 dxc4 3.Nf3 a6 4.a4 Nf6 5.e3 Bg4 6.h3 Bh5 7.Bxc4 e6 8.Nc3 Nc6
9.g4 Bg6 10.Nh4 Bb4 11.Nxg6 hxg6 12.Qf3 Na5 13.Ba2 c5 14.O-O cxd4 15.exd4 Qxd4
16.Rd1 Qb6 17.g5 Bxc3 18.bxc3 Ng8 19.Ba3 Ne7 20.Rd6 Nac6 21.Re1 Qa5 22.Bxe6 fxe6
23.Rdxe6 Qxg5+ 24.Kf1 O-O-O 25.Bxe7 Qd5 26.Qg4 Rd7 27.h4 Kb8 28.Bg5 Qh1+
29.Qg1 Qh3+ 30.Qg2 Qxc3 31.Qg3+ Qxg3 32.fxg3 Rf8+ 33.Kg2 Kc7 34.Rxg6 Kb6
35.Re4 Ka5 36.Be3 Rf5 37.g4 Rfd5 38.h5 Nb4 39.Rb6 Nc2 40.Rb3 Nxe3+ 41.Rbxe3 Rd4  1/2-1/2

[Event "Bayamo"]
[Site "Bayamo"]
[Date "1983.??.??"]
[Round "?"]
[White "Vera, Reynaldo"]
[Black "Garcia Palermo, Carlos"]
[Result "0-1"]
[WhiteElo "2420"]
[BlackElo "2455"]

1.d4 d5 2.c4 dxc4 3.Nf3 a6 4.e3 e6 5.Bxc4 c5 6.a4 Nf6 7.O-O Nc6 8.Qe2 cxd4
9.Rd1 Be7 10.exd4 O-O 11.Nc3 Nd5 12.Qe4 Ncb4 13.Ne5 Qd6 14.Bd2 b6 15.Nxd5 Nxd5
16.Bd3 f5 17.Qe2 Bf6 18.Re1 Re8 19.Rac1 Bb7 20.h3 Re7 21.b3 a5 22.Bb5 Rc8
23.Rxc8+ Bxc8 24.Rc1 Rc7 25.Rc6 Rxc6 26.Nxc6 Bd7 27.Ne5 Bxb5 28.axb5 Bxe5
29.dxe5 Qa3 30.Qd1 Qc5 31.Qf1 Qd4 32.Qe1 Qd3 33.Qc1 Qxb5 34.Qc4 Qxc4 35.bxc4 Nb4
36.Kf1 Nd3 37.f4 Kf7 38.Ke2 Nc5 39.Be3 Nd7 40.Kd3 Ke7 41.Kc3 Kd8 42.Kb3  0-1

[Event "Bor"]
[Site "Bor"]
[Date "1983.??.??"]
[Round "4"]
[White "Skembris, Spyridon"]
[Black "Marjanovic, Slavoljub"]
[Result "1/2-1/2"]
[WhiteElo "2415"]
[BlackElo "2465"]

1.d4 d5 2.c4 dxc4 3.Nf3 a6 4.a4 Nf6 5.Nc3 e6 6.e3 c5 7.Bxc4 cxd4 8.exd4 Nc6
9.O-O Nb4 10.Qe2 Be7 11.Bg5 O-O 12.Rad1 Re8 13.Rfe1 Bd7 14.Ne5 Rc8 15.Qf3 Bc6
16.Nxc6 Rxc6 17.Bb3 Rc7 18.g3 Rd7 19.Bxf6  1/2-1/2

[Event "Capablanca mem-B"]
[Site "Cienfuegos"]
[Date "1983.??.??"]
[Round "?"]
[White "Vilela, Jose Luis"]
[Black "Garcia Palermo, Carlos"]
[Result "1/2-1/2"]
[WhiteElo "2440"]
[BlackElo "2455"]

1.d4 d5 2.c4 dxc4 3.Nf3 a6 4.e3 e6 5.Bxc4 Nf6 6.a4 c5 7.O-O Nc6 8.Qe2 cxd4
9.Rd1 Be7 10.exd4 O-O 11.Nc3 Nd5 12.Bd2 Ncb4 13.Rac1 b6 14.Nxd5 Nxd5 15.Bd3 Qd6
16.Ne5 Bb7 17.Rc2 Nf6 18.Nc4 Qd5 19.Qf1 Rad8 20.Be3 Qh5 21.Be2 Ng4 22.Bxg4 Qxg4
23.f3 Qf5 24.Rdc1 Bf6 25.Ne5 Bxe5  1/2-1/2

[Event "Poznan"]
[Site "Poznan"]
[Date "1983.??.??"]
[Round "1"]
[White "Stempin, Pawel"]
[Black "Jankovec, Ivan"]
[Result "0-1"]
[WhiteElo "2380"]
[BlackElo "2345"]

1.d4 d5 2.c4 dxc4 3.Nf3 c5 4.d5 e6 5.Nc3 a6 6.a4 Nf6 7.e4 exd5 8.e5 Ne4 9.Qxd5 Nxc3
10.Qxd8+ Kxd8 11.bxc3 Be6 12.Ng5 Nc6 13.f4 Bd5 14.Be3 Ke8 15.a5 Be7 16.Rd1 Rd8
17.Rxd5 Rxd5 18.Bxc4 Rd7 19.Nxf7 Nxa5 20.Be6 Rf8 21.Bxd7+ Kxd7 22.f5 Kc6
23.e6 Nc4 24.Ke2 a5 25.g4 a4 26.Bf4 b5 27.Rd1 a3 28.Ne5+ Nxe5 29.Bxe5 Rg8
30.Kf3 b4 31.c4 b3 32.Rb1 b2 33.Bxb2 Rb8 34.Bxg7 Rxb1 35.f6 Bxf6 36.Bxf6 Rf1+  0-1

[Event "Kamen Piskov mem 3"]
[Site "Ruse"]
[Date "1983.??.??"]
[Round "10"]
[White "Peev, Peicho Chonev"]
[Black "Lalev, Dimitar"]
[Result "0-1"]
[WhiteElo "2410"]
[BlackElo "2385"]

1.d4 d5 2.c4 dxc4 3.Nf3 a6 4.a4 Nf6 5.e3 Bg4 6.Bxc4 e6 7.h3 Bh5 8.O-O Nc6
9.Nc3 Bb4 10.Be2 O-O 11.Qb3 Qe7 12.Rd1 Rfd8 13.Na2 Bd6 14.Bd2 Rab8 15.Nc3 e5
16.dxe5 Nxe5 17.Nd4 Bg6 18.f4 Nd3 19.Bxd3 Bxd3 20.Nd5 Nxd5 21.Qxd3 Bc5 22.Rf1 Rd7
23.Rae1 Re8 24.Kh1 Qe4 25.Qb3 c6 26.Nf3 f6 27.Bc3 Rde7 28.Nd2 Qg6 29.e4 Kh8
30.Rf3 h6 31.Qc4 Ba7 32.a5 Qh5 33.Qd3 Bb8 34.Ref1 Nxc3 35.Qxc3 Rd7 36.Re1 Qh4
37.Ref1 Qh5 38.Re1 Qh4 39.Qe3 Red8 40.Re2 Qh5 41.Nc4 Rd3 42.Qb6 Rd1+ 43.Kh2 Bxf4+
44.Rxf4 Qxe2 45.Ne3 R1d2 46.Rg4 Qb5 47.Qc7 Qe5+ 48.Qxe5 fxe5 49.Nc4 R2d4
50.b3 Kh7 51.Ne3 R8d7 52.Nc4 Re7 53.h4 g6 54.h5 g5 55.Kh3 Rd3+ 56.Rg3 Red7
57.Nxe5 Rxg3+ 58.Kxg3 Rd4 59.Kf3 Rb4 60.Nd7 Rxb3+ 61.Kg4 Rb5 62.e5 Kg7 63.Kf5 Rxa5
64.Nf6 Ra2 65.Ne8+ Kf8 66.Nd6 Rxg2 67.Nxb7 Rf2+  0-1

[Event "Alfoldi mem (Women)"]
[Site "Budapest"]
[Date "1984.??.??"]
[Round "?"]
[White "Csonkics, Tunde"]
[Black "Madl, Ildiko"]
[Result "0-1"]
[WhiteElo "2085"]
[BlackElo "2060"]

1.d4 d5 2.c4 dxc4 3.Nf3 c5 4.d5 Nf6 5.Nc3 Bf5 6.e3 a6 7.a4 e6 8.Bxc4 exd5
9.Nxd5 Be4 10.Nxf6+ Qxf6 11.Bd2 Nc6 12.Qb3 Be7 13.Bc3 Qg6 14.Be2 O-O 15.h4 Bc2
16.Qc4 b5 17.Qf4 Qf5 18.Qxf5 Bxf5 19.g4 Be4 20.g5 b4 21.Bd2 Na5 22.O-O Rfd8
23.Be1 f6 24.Nd2 Bd3 25.Bxd3 Rxd3 26.Nf3 Nb3 27.Rb1 Rad8 28.Kg2 a5 29.Ng1 f5
30.Ne2 Bd6 31.Ng3 g6  0-1

[Event "Midwest Masters-B"]
[Site "Chicago"]
[Date "1984.??.??"]
[Round "3"]
[White "Chow, Albert"]
[Black "Lindsay, Fred"]
[Result "0-1"]
[WhiteElo "2345"]
[BlackElo "2310"]

1.d4 d5 2.c4 dxc4 3.Nf3 a6 4.e3 b5 5.a4 Bb7 6.b3 e6 7.axb5 axb5 8.Rxa8 Bxa8
9.bxc4 bxc4 10.Bxc4 Nf6 11.O-O Nbd7 12.Nc3 Bd6 13.Qe2 O-O 14.e4 Bb4 15.Na2 Be7
16.Bd3 c5 17.Qc2 cxd4 18.e5 Ng4 19.Bxh7+ Kh8 20.Be4 Ndxe5 21.Bxa8 d3 22.Qd1 Qxa8
23.Nxe5 Nxe5 24.Qh5+ Kg8 25.Nb4 Qe4 26.Bd2  0-1

[Event "CUB-ch"]
[Site "CUB"]
[Date "1984.??.??"]
[Round "4"]
[White "Estevez, Guillermo"]
[Black "Vera, Reynaldo"]
[Result "1/2-1/2"]
[WhiteElo "2430"]
[BlackElo "2440"]

1.d4 d5 2.c4 dxc4 3.Nf3 a6 4.a4 Nf6 5.e3 Bg4 6.Bxc4 e6 7.O-O Nc6 8.b3 Bd6
9.Bb2 O-O 10.Be2 Re8 11.h3 Bf5 12.Nh4 Nb4 13.Na3 Be4 14.Nf3 c5 15.Nd2  1/2-1/2

[Event "White Knights"]
[Site "Leningrad"]
[Date "1984.??.??"]
[Round "?"]
[White "Vyzmanavin, Alexey"]
[Black "Vorotnikov, Vladislav V"]
[Result "0-1"]
[WhiteElo "2470"]
[BlackElo "2475"]

1.d4 d5 2.c4 dxc4 3.Nf3 a6 4.e3 Bg4 5.Bxc4 e6 6.Nc3 Nc6 7.h3 Bh5 8.Be2 Nf6
9.O-O Bd6 10.b3 O-O 11.Bb2 Qe7 12.Rc1 Rad8 13.Nh4 Bxe2 14.Qxe2 Nd5 15.Nf3 f5
16.Na4 Rde8 17.Nc5 Nd8 18.g3 Qf7 19.Ne5 Bxe5 20.dxe5 a5 21.f4 b6 22.Nd3 Qg6
23.Kh2 h5 24.Nf2 Rf7 25.Rg1 Rd7 26.e4 fxe4 27.Nxe4 Nf7 28.Rcf1 Nh6 29.g4 hxg4
30.hxg4 Kf7 31.Rg3 Nxg4+ 32.Rxg4 Rh8+ 33.Kg3 Qh6 34.Ng5+ Ke8 35.f5 exf5 36.e6 Rd6
37.Rxf5 Ne7 38.Rf1 Rd5 39.Bxg7 Qxg7 40.Nf7 Qc3+ 41.Rf3 Nf5+ 42.Kg2 Qd2 43.Qxd2 Rxd2+
44.Kg1 Rd1+ 45.Kg2 Rh5 46.Rg8+ Ke7 47.Rc3 Rd2+ 48.Kg1 Nd4 49.Rxc7+ Kf6 50.Rh8 Rxh8
51.Nxh8 Kxe6 52.Rh7 b5 53.Rh6+ Kd5 54.a4 b4 55.Nf7 Nxb3 56.Rh5+ Kc4 57.Ne5+ Kc3
58.Nc6 Kb2 59.Ne5 Rc2 60.Nd7 Ka3 61.Nb6 Nc5 62.Rh4 b3  0-1

[Event "White Knights"]
[Site "Leningrad"]
[Date "1984.??.??"]
[Round "?"]
[White "Rivas Pastor, Manuel"]
[Black "Vorotnikov, Vladislav V"]
[Result "1-0"]
[WhiteElo "2500"]
[BlackElo "2475"]

1.d4 d5 2.c4 dxc4 3.Nf3 a6 4.e3 Bg4 5.Bxc4 e6 6.Nc3 Nc6 7.Be2 Nf6 8.O-O Bd6
9.h3 Bh5 10.b3 Bg6 11.Bb2 Nd5 12.Na4 b6 13.Rc1 Nb8 14.Ne5 Nd7 15.Bf3 f5 16.Qc2 N7f6
17.Qc6+ Kf8 18.Nc5 bxc5 19.Nxg6+ hxg6 20.dxc5 Be7 21.Qxe6 c6 22.Qxc6 Rc8
23.Qxa6 Nc7 24.Qb6 Ncd5 25.Qe6 Nc7 26.Qe5 Qd7 27.Rfd1 Qb5 28.a4 Qxb3 29.Rd7 Ne6
30.Rb7 Qa2 31.c6 Ne4 32.Bxe4 fxe4 33.Qxe4 Rh5 34.Rc4 Kf7 35.g4 Rxh3 36.Qd5 Qb1+
37.Rc1 Rd8 38.Qxe6+ Kxe6 39.Rxb1 Rdh8 40.Bxg7 Rh1+ 41.Kg2 R1h2+ 42.Kf3 R8h3+
43.Ke2  1-0

[Event "White Knights"]
[Site "Leningrad"]
[Date "1984.??.??"]
[Round "?"]
[White "Hjartarson, Johann"]
[Black "Vorotnikov, Vladislav V"]
[Result "1-0"]
[WhiteElo "2415"]
[BlackElo "2475"]

1.d4 d5 2.c4 dxc4 3.Nf3 a6 4.e3 Bg4 5.Bxc4 e6 6.O-O Nf6 7.Nc3 Nc6 8.Be2 Bd6
9.h3 Bh5 10.a3 O-O 11.b4 Nd5 12.Bb2 f5 13.Rc1 Nce7 14.Na4 b6 15.Nc5 bxc5
16.dxc5 Bf4 17.exf4 Nxf4 18.Qc2 Qe8 19.Kh2 Qc6 20.Bd1 Neg6 21.Rg1 Rad8 22.Qc3 Rf7
23.Nd4 Qd7 24.Bxh5 Nxh5 25.Rcd1 Qa4 26.Qf3 Rfd7 27.Qxh5 e5 28.Qxf5 exd4 29.Qe6+ Rf7
30.Rxd4 Re8 31.Qd5 c6 32.Qc4 Ne5 33.Qe2 Qb5 34.Qxb5 axb5 35.Re4 Rfe7 36.Bxe5 Rxe5
37.Rxe5 Rxe5 38.Rd1 Re2 39.Rd6 Rxf2 40.Rxc6 Ra2 41.Rb6  1-0

[Event "Plovdiv"]
[Site "Plovdiv"]
[Date "1984.??.??"]
[Round "15"]
[White "Georgiev, Kiril"]
[Black "Lukin, Andrei M"]
[Result "1-0"]
[WhiteElo "2430"]
[BlackElo "2470"]

1.Nf3 d5 2.d4 c5 3.c4 dxc4 4.d5 Nf6 5.Nc3 Bf5 6.Nh4 e6 7.Bg5 Be7 8.Qa4+ Qd7
9.Nxf5 exf5 10.Qxc4 O-O 11.O-O-O Na6 12.d6 Bd8 13.e3 Ng4 14.Bxd8 Rfxd8 15.Qf4 Nb4
16.h3 Nf6 17.a3 Nc6 18.Be2 Qe6 19.g4 Ne4 20.Nb5 Qe5 21.Qxe5 Nxe5 22.Rd5 f6
23.f4 Nd7 24.Nc7 Rac8 25.Ne6 Nb6 26.Nxd8 Rxd8 27.Rdd1 Nf2 28.Bf3 fxg4 29.hxg4 Nxh1
30.Bxh1 Nc8 31.Bxb7 Nxd6 32.Bf3 Kf8 33.Rd5 c4 34.Kc2 Ke7 35.Rc5 Rd7 36.Bd5 f5
37.g5 h5 38.gxh6 gxh6 39.Bf3 Kf6 40.Rc6 Ke6 41.Kc3 Ke7 42.a4 h5 43.Bxh5 Rb7
44.Bd1 Ne4+ 45.Kc2 Rb3 46.Rxc4 Rxe3 47.Rc7+ Kd6 48.Rxa7 Nc5 49.b4 Nd3 50.Rb7 Nxf4
51.a5 Nd5 52.Kb2 Re4 53.a6  1-0

[Event "URS Cup"]
[Site "URS"]
[Date "1984.??.??"]
[Round "?"]
[White "Jussupow, Artur"]
[Black "Gurgenidze, Bukhuti"]
[Result "1/2-1/2"]
[WhiteElo "2570"]
[BlackElo "2470"]

1.d4 d5 2.c4 dxc4 3.Nf3 a6 4.e3 Bg4 5.h3 Bh5 6.Nbd2 e6 7.g4 Bg6 8.Ne5 Nd7
9.Nxg6 hxg6 10.Nxc4 Bb4+ 11.Bd2 Bxd2+ 12.Qxd2 Ne7 13.Bg2 Rb8 14.O-O-O g5
15.f4 gxf4 16.exf4 Nf6 17.f5 exf5 18.d5 Kf8 19.Kb1 Ne8 20.Rhf1 Nd6 21.Ne5 Kg8
22.Rde1 Rh6 23.g5 Rh4 24.Qf2 Rb4 25.Re2 Ng6 26.Nxg6 fxg6 27.Qe1 c5 28.h4 Ne4
29.Bxe4 fxe4 30.Rd2 Qd6 31.a3 Rc4 32.Qe3 Rd8 33.Rfd1 Rf8 34.Qe2 b5 35.h5 e3
36.Qxe3 gxh5 37.Ka2  1/2-1/2

[Event "URS Cup"]
[Site "URS"]
[Date "1984.??.??"]
[Round "?"]
[White "Zilberman, Nathan R"]
[Black "Chekhov, Valery A"]
[Result "1-0"]
[WhiteElo "2400"]
[BlackElo "2535"]

1.d4 d5 2.c4 dxc4 3.Nf3 a6 4.e3 Nf6 5.Bxc4 e6 6.a4 c5 7.O-O Nc6 8.Qe2 Qc7
9.Nc3 Be7 10.Rd1 O-O 11.d5 exd5 12.Bxd5 Bg4 13.h3 Bh5 14.Bxc6 Qxc6 15.e4 Rad8
16.Bf4 Rfe8 17.g4 Bg6 18.Ne5 Qe6 19.f3 Bd6 20.Nxg6 hxg6 21.Bxd6 Rxd6 22.Rxd6 Qxd6
23.Rd1 Qg3+ 24.Qg2 Qf4 25.Qf2 g5 26.Kg2 Qe5 27.Qg3 Kf8 28.h4 Qxg3+ 29.Kxg3 gxh4+
30.Kxh4 Ke7 31.g5 Rh8+ 32.Kg3 Nh5+ 33.Kg4 g6 34.Nd5+ Ke6 35.f4 Rd8 36.Rc1 Kd6
37.Nb6 Kc6 38.Nc4 Rd4 39.Ne5+ Kb6 40.Re1 f5+ 41.Kf3 Rxa4 42.Nxg6 Ng7 43.Ne7  1-0

[Event "URS Cup"]
[Site "URS"]
[Date "1984.??.??"]
[Round "?"]
[White "Dorfman, Josif D"]
[Black "Lukin, Andrei M"]
[Result "1/2-1/2"]
[WhiteElo "2515"]
[BlackElo "2470"]

1.Nf3 d5 2.d4 c5 3.c4 dxc4 4.e3 cxd4 5.Bxc4 Qc7 6.Qb3 e6 7.exd4 Nf6 8.Nc3 Nc6
9.O-O Bd7 10.Qd1 Be7 11.Bg5 O-O 12.d5 Nxd5 13.Bxd5 exd5 14.Nxd5 Qd8 15.Nxe7+ Nxe7
16.Re1 Re8 17.Rxe7 Rxe7 18.Qd5 h6 19.Bxe7 Qxe7 20.Qxb7 Qe8 21.Re1 Be6 22.Nd4 Rb8
23.Qxa7 Rxb2 24.g3 Qd8 25.Nxe6 fxe6 26.Qa3 Qd2 27.Qa8+ Kh7 28.Qe4+ Kh8 29.Rf1 Qd5
30.Qxd5 exd5  1/2-1/2

[Event "URS-ch sf"]
[Site "Aktjubinsk"]
[Date "1985.??.??"]
[Round "?"]
[White "Rashkovsky, Nukhim N"]
[Black "Vorotnikov, Vladislav V"]
[Result "1/2-1/2"]
[WhiteElo "2410"]
[BlackElo "2435"]

1.d4 d5 2.c4 dxc4 3.Nf3 a6 4.e3 Bg4 5.Bxc4 e6 6.h3 Bh5 7.a4 Nc6 8.Nbd2 Nf6
9.O-O Bd6 10.Be2 O-O 11.Nc4 Ne4 12.Nfd2 Bxe2 13.Qxe2 Nf6 14.Nxd6 cxd6 15.b3 Nd5
16.Ba3 Qd7 17.Rfc1 Rfb8 18.Ne4 Ncb4 19.Rc4 f5 20.Nd2 a5 21.Rac1 h6 22.g3 Rf8
23.e4 fxe4 24.Nxe4  1/2-1/2

[Event "AUT-ch"]
[Site "?"]
[Date "1985.??.??"]
[Round "13"]
[White "Kargl, Kurt"]
[Black "Dueckstein, Andreas"]
[Result "1/2-1/2"]
[WhiteElo "2305"]
[BlackElo "2335"]

1.d4 d5 2.c4 dxc4 3.Nf3 a6 4.e3 Bg4 5.Bxc4 e6 6.h3 Bh5 7.Nc3 Nf6 8.O-O c5
9.dxc5 Qxd1 10.Rxd1 Bxf3 11.gxf3 Bxc5 12.b3 Nbd7 13.Bb2 O-O-O 14.a3 Nb6 15.Be2 Rxd1+
16.Rxd1  1/2-1/2

[Event "Balatonbereny op"]
[Site "Balatonbereny"]
[Date "1985.??.??"]
[Round "2"]
[White "Farago, Ivan"]
[Black "Sugar, Karoly"]
[Result "1-0"]
[WhiteElo "2510"]
[BlackElo "2250"]

1.d4 d5 2.c4 dxc4 3.Nf3 c5 4.d5 e6 5.Nc3 Ne7 6.e4 exd5 7.exd5 Nf5 8.Bxc4 Nd6
9.O-O Be7 10.Bb3 O-O 11.h3 Bf5 12.Bf4 Nd7 13.Re1 Re8 14.Ba4 a6 15.Bg3 b5
16.Bc2 Qb6 17.a4 Bf8 18.axb5 axb5 19.Rxa8 Rxa8 20.Bxd6 Bxc2 21.Qxc2 Bxd6
22.Ng5 g6 23.Qe2 Be5 24.d6 Rf8 25.Nxb5 Rb8 26.Qc4 Rf8 27.f4 Bxd6 28.Re8  1-0

[Event "Budapest Elekes"]
[Site "Budapest"]
[Date "1985.??.??"]
[Round "?"]
[White "Zsinka, Laszlo"]
[Black "Kallai, Gabor"]
[Result "1/2-1/2"]
[WhiteElo "2340"]
[BlackElo "2445"]

1.d4 d5 2.c4 dxc4 3.Nf3 a6 4.e3 Nf6 5.Bxc4 e6 6.O-O c5 7.a3 b5 8.Bb3 Bb7
9.Nc3 Nbd7 10.Bc2 Qc7 11.h3 h5 12.Re1 Rg8 13.Ng5 Qc6  1/2-1/2

[Event "BUL-FRA"]
[Site "?"]
[Date "1985.??.??"]
[Round "4"]
[White "Andruet, Gilles"]
[Black "Semkov, Semko"]
[Result "0-1"]
[WhiteElo "2390"]
[BlackElo "2410"]

1.d4 d5 2.c4 dxc4 3.Nf3 a6 4.e4 b5 5.a4 Bb7 6.b3 e6 7.bxc4 bxc4 8.Bxc4 Bxe4
9.O-O Bb4 10.Ne5 Ne7 11.Qb3 Nbc6 12.Rd1 Nxd4 13.Rxd4 Qxd4 14.Bb2 Qd6 15.Nc3 Bxc3
16.Qxc3 f6 17.Ng4 Bd5 18.Ba3 Qc6 19.Nxf6+ gxf6 20.Qxf6 O-O-O 21.Bf1 Rhg8
22.g3 Nf5 23.Rc1 Qxa4 24.Qc3 Rd7 25.Rb1 Bb7  0-1

[Event "Dresden+"]
[Site "Dresden"]
[Date "1985.??.??"]
[Round "2"]
[White "Gruenberg, Hans Ulrich"]
[Black "Gross, Stefan"]
[Result "1-0"]
[WhiteElo "2470"]
[BlackElo "2420"]

1.d4 d5 2.c4 dxc4 3.Nf3 a6 4.e4 b5 5.a4 Bb7 6.axb5 axb5 7.Rxa8 Bxa8 8.Nc3 c6
9.Be2 e6 10.O-O Nf6 11.Bg5 Nbd7 12.Qa1 Bb4 13.e5 h6 14.exf6 hxg5 15.fxg7 Rg8
16.Qa7 Qc8 17.Ra1 Bb7 18.Ne5 f5 19.g4 Rxg7 20.gxf5 exf5 21.Bf3 Bd6 22.Nxb5 cxb5
23.Bxb7 Qc7 24.Qa8+ Ke7 25.Bc6 Bxe5 26.Ra7 Bxh2+ 27.Kg2 Rg8 28.Rxc7 Rxa8
29.Rxd7+ Ke6 30.d5+  1-0

[Event "Dresden"]
[Site "Dresden"]
[Date "1985.??.??"]
[Round "3"]
[White "Knaak, Rainer"]
[Black "Gruenberg, Hans Ulrich"]
[Result "0-1"]
[WhiteElo "2525"]
[BlackElo "2470"]

1.d4 d5 2.c4 dxc4 3.Nf3 a6 4.e4 b5 5.a4 Bb7 6.axb5 axb5 7.Rxa8 Bxa8 8.Nc3 c6
9.e5 e6 10.Be2 Ne7 11.O-O Nd5 12.Ng5 Be7 13.f4 Nxc3 14.bxc3 c5 15.Be3 cxd4
16.cxd4 O-O 17.Qb1 Bxg5 18.fxg5 Bc6 19.Qe1 Be4 20.Rf4 Bd3 21.Bxd3 cxd3 22.Qc3 Qd5
23.Qxd3 Nc6 24.Qe2 Ra8 25.h4 b4 26.h5 b3 27.Kh2 b2  0-1

[Event "Sokolsky mem"]
[Site "Minsk"]
[Date "1985.??.??"]
[Round "?"]
[White "Yuferov, Sergey  N"]
[Black "Efimov, Igor"]
[Result "1-0"]
[WhiteElo "2440"]
[BlackElo "2405"]

1.d4 d5 2.c4 dxc4 3.Nf3 a6 4.e4 b5 5.Be2 Bb7 6.Nc3 Nf6 7.e5 Nd5 8.e6 f6 9.Ne4 g6
10.Nc5 Bc6 11.h4 Qd6 12.h5 Rg8 13.hxg6 hxg6 14.Kf1 Nb6 15.Nh4 Rh8 16.Kg1 Bd5
17.Nxg6 Rxh1+ 18.Kxh1 Bg7 19.Bh5 Kd8 20.Qg4 Kc8 21.Nh4  1-0

[Event "URS-chI"]
[Site "Minsk"]
[Date "1985.??.??"]
[Round "12"]
[White "Balashov, Yuri S"]
[Black "Gulko, Boris F"]
[Result "1/2-1/2"]
[WhiteElo "2495"]
[BlackElo "2475"]

1.d4 d5 2.c4 dxc4 3.Nf3 a6 4.e3 Nf6 5.Bxc4 e6 6.a4 c5 7.O-O Nc6 8.Qe2 Qc7
9.Nc3 Bd6 10.Rd1 O-O 11.h3 Re8 12.Ng5 Be7 13.d5 exd5 14.Nxd5 Nxd5 15.Rxd5 Bxg5
16.Rxg5  1/2-1/2

[Event "Baku"]
[Site "Baku"]
[Date "1986.??.??"]
[Round "?"]
[White "Guseinov, Aidyn"]
[Black "Kallai, Gabor"]
[Result "0-1"]
[WhiteElo "2300"]
[BlackElo "2400"]

1.d4 d5 2.c4 dxc4 3.Nf3 c5 4.e3 cxd4 5.exd4 Be6 6.Na3 Nf6 7.Nxc4 g6 8.Qa4+ Nbd7
9.Ng5 Bd5 10.Ne3 Bc6 11.Bb5 Bxb5 12.Qxb5 Qb6 13.Qxb6 Nxb6 14.O-O Bg7 15.a4 O-O
16.Bd2 Rfc8 17.b3 Nbd5 18.Nc4 h6 19.Nf3 Ne4 20.Rad1 Ndc3 21.Bxc3 Nxc3 22.Rde1 Rc7
23.Nfe5 Rd8 24.Re3 Bxe5 25.dxe5 Nxa4 26.f4 Nc5 27.f5 b5 28.Na3 a6 29.e6 f6
30.Rg3 g5 31.Re3 h5 32.Nb1 Rd3 33.Rff3 Rxe3 34.Rxe3 Nxe6  0-1

[Event "Budapest Spring op"]
[Site "Budapest"]
[Date "1986.??.??"]
[Round "?"]
[White "Knaak, Rainer"]
[Black "Kallai, Gabor"]
[Result "1-0"]
[WhiteElo "2510"]
[BlackElo "2400"]

1.d4 d5 2.c4 dxc4 3.Nf3 c5 4.Nc3 cxd4 5.Qxd4 Qxd4 6.Nxd4 e5 7.Ndb5 Kd8 8.Be3 Nc6
9.O-O-O+ Bd7 10.g3 g6 11.Bg2 Bh6 12.f4 Nf6 13.Nd6 exf4 14.gxf4 Kc7 15.Ncb5+ Kb8
16.Nxf7 Re8 17.Nxh6 Rxe3 18.Ng8 Nxg8 19.Rxd7 Nf6 20.Rf7 Re6 21.Bxc6 bxc6
22.Nc7  1-0

[Event "Dortmund op"]
[Site "Dortmund"]
[Date "1986.??.??"]
[Round "5"]
[White "Cserna, Laszlo"]
[Black "Meister, Peter"]
[Result "1-0"]
[WhiteElo "2390"]
[BlackElo "2250"]

1.d4 d5 2.c4 dxc4 3.Nf3 a6 4.a4 Nf6 5.e3 Bg4 6.Nbd2 e6 7.Nxc4 Nbd7 8.Be2 Be7
9.O-O O-O 10.b3 Bb4 11.Bb2 Qe7 12.Ne1 Bxe2 13.Qxe2 b5 14.Ne5 Nxe5 15.dxe5 Ne4
16.Nd3 Rfd8 17.Qc2 Ba5 18.axb5 Nd2 19.Rfd1 Qd7 20.Bd4  1-0

[Event "Elenite op"]
[Site "Elenite"]
[Date "1986.??.??"]
[Round "?"]
[White "Ubilava, Elizbar"]
[Black "Semkov, Semko"]
[Result "0-1"]
[WhiteElo "2515"]
[BlackElo "2410"]

1.d4 d5 2.c4 dxc4 3.Nf3 a6 4.e3 Nf6 5.Bxc4 e6 6.a4 c5 7.O-O Nc6 8.Qe2 cxd4
9.Rd1 Be7 10.exd4 O-O 11.Nc3 Nd5 12.Qe4 Nf6 13.Qe2 Nd5 14.Bd3 Ncb4 15.Bb1 Bd7
16.Ne5 Rc8 17.Ne4 Nc6 18.Qh5 Be8 19.Qh3 f5 20.Nxc6 Bxc6 21.Nc5 Bxc5 22.dxc5 Nf4
23.Qb3 Qg5 24.g3 Ne2+ 25.Kf1 Nxc1 26.Qc3 Qh5 27.Rxc1 Qxh2 28.Ba2 f4 29.Ke2 fxg3
30.Qxg3 Qh5+ 31.Kf1 Rf6 32.Re1 Qh1+ 33.Ke2 Qh6 34.Qe3 Qh5+ 35.Kd2 Bd5 36.Bb1 Qh4
37.Bd3 Qxf2+ 38.Re2 Qxe3+ 39.Kxe3 Rxc5 40.Rg1 g6 41.Kd4 Rc7 42.Ke5 Kg7 43.Rh2 Rf3
44.Bc2 Rcf7  0-1

[Event "Bundesliga 8586"]
[Site "Germany"]
[Date "1986.??.??"]
[Round "?"]
[White "Gerusel, Mathias"]
[Black "Mandl, Rudolf"]
[Result "1-0"]
[WhiteElo "2390"]
[BlackElo "2280"]

1.d4 d5 2.c4 dxc4 3.Nf3 c5 4.d5 Nf6 5.Nc3 e6 6.e4 exd5 7.e5 Be6 8.exf6 gxf6
9.Bf4 Nc6 10.Qd2 Be7 11.Be2 d4 12.Nb5 Rc8 13.a4 a6 14.Na3 Na5 15.Bd1 b6 16.O-O Qd7
17.Qc1 b5 18.axb5 O-O 19.bxa6 Rb8 20.Bxb8 Rxb8 21.Nd2 Bd5 22.Naxc4 Nxc4 23.Nxc4 Kh8
24.f4 Qe6 25.a7  1-0

[Event "Helsinki"]
[Site "Helsinki"]
[Date "1986.??.??"]
[Round "8"]
[White "Timoshchenko, Gennadi A"]
[Black "Dorfman, Josif D"]
[Result "1/2-1/2"]
[WhiteElo "2475"]
[BlackElo "2520"]

1.d4 d5 2.c4 dxc4 3.Nf3 c5 4.e4 cxd4 5.Qxd4 Qxd4 6.Nxd4 Bd7 7.Bxc4 Nc6 8.Nxc6 Bxc6
9.Nc3 e6 10.f3 Rc8  1/2-1/2

[Event "ISR-ch"]
[Site "?"]
[Date "1986.??.??"]
[Round "?"]
[White "Manor, Ilan"]
[Black "Shvidler, Eliahu"]
[Result "1/2-1/2"]
[WhiteElo "2425"]
[BlackElo "2435"]

1.d4 d5 2.c4 dxc4 3.Nf3 a6 4.a4 Nf6 5.e3 Bg4 6.Bxc4 e6 7.O-O Nc6 8.Nc3 Bd6
9.Be2 O-O 10.h3 Bh5 11.Qb3 Na5 12.Qc2 c5 13.Rd1 Qe7 14.dxc5 Bxc5 15.e4 Nd7
16.Bf4 Nc6 17.g4 Bg6 18.Qd2 Rfd8 19.Bc7 Rdc8 20.Bd6 Bxd6 21.Qxd6 Qxd6 22.Rxd6 Nc5
23.e5 Rd8 24.Rad1 Rxd6 25.Rxd6 Kf8 26.Nd4 Nxd4 27.Rxd4 Re8 28.f4 f6 29.Rc4  1/2-1/2